Official records (Record no. 637617)

MARC details
000 -LEADER
fixed length control field 00662nam a2200217Ia 4500
003 - CONTROL NUMBER IDENTIFIER
control field OSt
005 - DATE AND TIME OF LATEST TRANSACTION
control field 20220926021758.0
008 - FIXED-LENGTH DATA ELEMENTS--GENERAL INFORMATION
fixed length control field 220923b |||||||| |||| 00| 0 eng d
037 ## - SOURCE OF ACQUISITION
Terms of availability General Book
040 ## - CATALOGING SOURCE
Original cataloging agency RTL
Transcribing agency RTL
Language of cataloging eng
041 ## - LANGUAGE CODE
Source of code eng
Language code of text/sound track or separate title eng
111 ## - MAIN ENTRY--MEETING NAME
Meeting name or jurisdiction name as entry element UNITED NATIONS, ECONOMIC AND SOCIAL COUNCIL
9 (RLIN) 326847
245 #0 - TITLE STATEMENT
Title Official records
Remainder of title fifty -third session 3-28 july 1972
260 ## - PUBLICATION, DISTRIBUTION, ETC.
Place of publication, distribution, etc. New York
Name of publisher, distributor, etc. United Nations
Date of publication, distribution, etc. 1973
300 ## - PHYSICAL DESCRIPTION
Extent xxxiv,157p
Dimensions cm.
942 ## - ADDED ENTRY ELEMENTS (KOHA)
Classification part VIN45,933:8.N72, L3 UN
Koha item type General Books
Source of classification or shelving scheme Colon Classification (CC)
Holdings
Withdrawn status Lost status Damaged status Not for loan Home library Current library Date acquired Total Checkouts Full call number Barcode Date last seen Price effective from Koha item type
        Ratan Tata Library Ratan Tata Library 2022-09-26   VIN45,933:8.N72 L3 UN RT1405200 2022-09-26 2022-09-26 General Books
Copyright @ Delhi University Library System